Sueños en cenizas / (Registro nro. 7358)
[ vista simple ]
| 000 -LEADER | |
|---|---|
| fixed length control field | 01654nam a22002657a 4500 |
| 003 - CONTROL NUMBER IDENTIFIER | |
| control field | OSt |
| 005 - DATE AND TIME OF LATEST TRANSACTION | |
| control field | 20250414143452.0 |
| 008 - FIXED-LENGTH DATA ELEMENTS--GENERAL INFORMATION | |
| fixed length control field | 210226s2015 sp ||||er|||| 00| fdspa d |
| 020 ## - INTERNATIONAL STANDARD BOOK NUMBER | |
| International Standard Book Number | 9781326427214 |
| 040 ## - CATALOGING SOURCE | |
| Original cataloging agency | CO-JMCR |
| Transcribing agency | CO-JMCR |
| 041 0# - LANGUAGE CODE | |
| Language code of text/sound track or separate title | spa |
| 082 04 - DEWEY DECIMAL CLASSIFICATION NUMBER | |
| Classification number | A-N |
| Item number | FRAs |
| Edition number | 23 |
| 100 1# - MAIN ENTRY--PERSONAL NAME | |
| Personal name | Franco V., Edelmiro, |
| Relator term | autor |
| 9 (RLIN) | 14046 |
| 245 10 - TITLE STATEMENT | |
| Title | Sueños en cenizas / |
| Statement of responsibility, etc. | Edelmiro Franco V. |
| 250 ## - EDITION STATEMENT | |
| Edition statement | 1° edición |
| 260 ## - PUBLICATION, DISTRIBUTION, ETC. | |
| Place of publication, distribution, etc. | Madrid : |
| Name of publisher, distributor, etc. | Falsaria, |
| Date of publication, distribution, etc. | 2015 |
| 300 ## - PHYSICAL DESCRIPTION | |
| Extent | 117 páginas ; |
| Dimensions | 21 cm. |
| 500 ## - GENERAL NOTE | |
| General note | Incluye datos biográficos del autor. |
| 520 3# - SUMMARY, ETC. | |
| Summary, etc. | Sueños de cenizas. 12 de mayo de 1922, nace la abuela Aura en San Roque, un pueblo ultraconservador en el noreste de Colombia, y muere el 6 de junio de 2012, después de cumplir 90 años, en una clínica de Medellín, la ciudad que albergo a miles de familias campesinas que huyeron de la violencia liberal-conservadora en la década de los 50 del siglo pasado. La abuela Aura, un día después de una delicada cirugía, estaba completamente lucida y sonriente en la habitación 325 de la clínica Las Américas. Ella cargaba con sus 90 años, un cúmulo de historias de violencia desde 1946: persecuciones, desplazamientos, guerrilla, narcotráfico y paramilitarismo. Entre abrazos, besos y lágrimas con su hijo Jesús -quien llego del exilio- la abuela empieza a recordar su pasado y cierra el diálogo con la frase: -Mijo, ¿si cree que tengamos paz algún día...? |
| 650 14 - SUBJECT ADDED ENTRY--TOPICAL TERM | |
| Topical term or geographic name entry element | Novela colombiana |
| 9 (RLIN) | 14047 |
| 650 24 - SUBJECT ADDED ENTRY--TOPICAL TERM | |
| Topical term or geographic name entry element | Abuelas |
| General subdivision | novela |
| 9 (RLIN) | 14048 |
| 650 24 - SUBJECT ADDED ENTRY--TOPICAL TERM | |
| Topical term or geographic name entry element | Violencia política |
| Form subdivision | novela |
| Geographic subdivision | Colombia |
| 9 (RLIN) | 14049 |
| 650 24 - SUBJECT ADDED ENTRY--TOPICAL TERM | |
| Topical term or geographic name entry element | Partidos políticos |
| Form subdivision | novela |
| Geographic subdivision | Colombia |
| 9 (RLIN) | 14050 |
| 942 ## - ADDED ENTRY ELEMENTS (KOHA) | |
| Source of classification or shelving scheme | Dewey Decimal Classification |
| Koha item type | Books |
| Withdrawn status | Lost status | Source of classification or shelving scheme | Damaged status | Not for loan | Collection code | Home library | Current library | Date acquired | Source of acquisition | Total Checkouts | Full call number | Barcode | Date last seen | Copy number | Price effective from | Koha item type |
|---|---|---|---|---|---|---|---|---|---|---|---|---|---|---|---|---|
| Dewey Decimal Classification | Fiction | Biblioteca Pública José María del Castillo y Rada | Biblioteca Pública José María del Castillo y Rada | 10/02/2020 | Donación | A-N FRAs | 201810582 | 02/26/2021 | Ej.1 | 02/26/2021 | Books | |||||
| Dewey Decimal Classification | Fiction | Biblioteca Pública José María del Castillo y Rada | Biblioteca Pública José María del Castillo y Rada | 10/02/2020 | Donación | A-N FRAs | 201810598 | 02/26/2021 | Ej.2 | 02/26/2021 | Books |